Shakhtar Donetsk Scorers in 2010s Champions League - Statistics

General Stats
  • This quiz has been taken 81 times
  • The average score is 9 of 25
Answer Stats
Player Nation Gls % Correct
Luiz Adriano Brazil 20
86%
Darijo Srna Croatia 4
82%
Douglas Costa Brazil 6
70%
Willian Brazil 6
67%
Henrikh Mkhitaryan Armenia 2
63%
Taison Brazil 4
51%
Alex Teixeira Brazil 11
49%
Fred Brazil 1
49%
Eduardo da Silva Croatia 5
47%
Marlos Ukraine 2
46%
Fernandinho Brazil 1
44%
Taras Stepanenko Ukraine 2
39%
Bernard Brazil 3
35%
Facundo Ferreyra Argentina 3
30%
Răzvan Raț Romania 1
25%
Ismaily Brazil 3
23%
Jádson Brazil 3
23%
Júnior Moraes Ukraine 3
21%
Yaroslav Rakitskiy Ukraine 1
21%
Dentinho Brazil 1
18%
Tomáš Hübschman Czechia 1
14%
Yevhen Seleznyov Ukraine 1
12%
Maycon Brazil 1
11%
Oleksandr Hladkyy Ukraine 1
5%
Dmytro Chygrynskiy Ukraine 1
4%
No matching quizzes found
Score Distribution
Percent of People with Each Score
Percentile by Number Answered
Your Score History
You have not taken this quiz